Localism Bill must end housing crisis, warns FMB (Record no. 82906)

MARC details
000 -LEADER
fixed length control field 00950cad a22002055a 4500
001 - CONTROL NUMBER
control field L152190
008 - FIXED-LENGTH DATA ELEMENTS--GENERAL INFORMATION
fixed length control field 110209e20110113xxk f 000 0 eng d
035 ## - SYSTEM CONTROL NUMBER
System control number (Sirsi) u152190
041 0# - LANGUAGE CODE
Language code of text/sound track or separate title eng
110 2# - MAIN ENTRY--CORPORATE NAME
Corporate name or jurisdiction name as entry element Federation of Master Builders
9 (RLIN) 465
245 00 - TITLE STATEMENT
Title Localism Bill must end housing crisis, warns FMB
Medium [electronic resource]
260 ## - PUBLICATION, DISTRIBUTION, ETC.
Date of publication, distribution, etc. 2011
490 ## - SERIES STATEMENT
Series statement Federation of Master Builders Press Release
Volume/sequential designation 13 January 2011
520 ## - SUMMARY, ETC.
Summary, etc. The Localism Bill must legislate for the presumption in favour of sustainable development or the Government will struggle to honour its pledge to deliver the new homes the country needs, warns the Federation of Master Builders (FMB).
590 ## - LOCAL NOTE (RLIN)
Local note KA
651 #4 - SUBJECT ADDED ENTRY--GEOGRAPHIC NAME
Geographic name United Kingdom
Chronological subdivision
690 ## - LOCAL SUBJECT ADDED ENTRY--TOPICAL TERM (OCLC, RLIN)
Topical term or geographic name as entry element BUILT ENVIRONMENT-CONSTRUCTION MARKET
856 40 - ELECTRONIC LOCATION AND ACCESS
Uniform Resource Identifier <a href="https://www.fmb.org.uk/news/press-releases/2011/january/localism-bill-must-end-housing140111/">https://www.fmb.org.uk/news/press-releases/2011/january/localism-bill-must-end-housing140111/</a>
Public note View the item free of charge at www.fmb.org.uk
942 ## - ADDED ENTRY ELEMENTS (KOHA)
Suppress in OPAC 0
Holdings
Withdrawn status Lost status Source of classification or shelving scheme Damaged status Not for loan Home library Current library Shelving location Date acquired Total Checkouts Full call number Barcode Date last seen Copy number Price effective from Koha item type
    Dewey Decimal Classification     Virtual Virtual Online 09/02/2011   ONLINE PUBLICATION 152190-2001 06/08/2019 1 06/08/2019 Book